Internal Combustion Engine Handbook : Basics, Components, Systems, and Perspectives

Gespeichert in:
Bibliographische Detailangaben
Hauptverfasser: Van Basshuysen, Richard (Verfasst von), Schäfer, Fred (Verfasst von)
Format: Buch
Sprache:Englisch
Veröffentlicht: Warrendale : SAE International, 2004
Ausgabe:1. vyd
Schlagworte:
Tags: Tag hinzufügen
Keine Tags, Fügen Sie das erste Tag hinzu!

MARC

LEADER 00000nam a22000003a 4500
001 stu185770
005 20150617230042.3
008 090618s2004----xxu-----------------eng-d
020 |a 0-7680-1139-6 
040 |a STU  |b slo 
041 0 |a eng 
044 |a xxu 
080 |a 621.43 
100 1 |a Van Basshuysen, Richard  |4 aut  |9 50 
245 1 |a Internal Combustion Engine Handbook :  |b Basics, Components, Systems, and Perspectives 
250 |a 1. vyd 
260 |a Warrendale :  |b SAE International,  |c 2004 
300 |a 811 s 
650 7 |a motory  |2 stusub 
700 1 |a Schäfer, Fred  |4 aut  |9 50 
996 |b 284J031987  |c J*110915  |l JJK9  |s P  |a 0  |w stu185770_0001